000 00355nam a2200133Ia 4500
008 240624s9999 xx 000 0 und d
041 _aeng
082 _a658.4013 COX
100 _aCOX IAN
245 _aVISUAL SIX SIGMA MAKING DATA ANALYSIS LE
260 _c2010
_aNew Jersey
_bJohn Wiley and Sons
300 _axi, : 492 : p. : cm. ; 25
365 _c
_b27
999 _c15514
_d15514